000
00329nam a2200145Ia 4500
008
230718s9999 xx 000 0 und d
041
_a
Eng.
082
_a
34506
_b
BIN-C
100
_a
Bing, Inigo
245
0
_a
Criminal Procedure
260
_a
Pakistan
_b
Sweet and Moudle
_c
1999
300
_a
506
650
_a
Law
999
_c
28384
_d
28384